Un mundo sin escuelas

محفوظ في:
التفاصيل البيبلوغرافية
المؤلفون الرئيسيون: Illich, Iván (مؤلف), Gintis, Herbert (مؤلف), Greer, Colin (مؤلف), Postman, Neil (مؤلف), Gross, Ronald (مؤلف), Fairfield, Roy P (مؤلف), Rosen, Sumner M (مؤلف), Jerome, Judson (مؤلف), Greene, Maxime (مؤلف), Pearl, Arthur (مؤلف)
التنسيق: كتاب
اللغة:الإسبانية
منشور في: Ciudad de México Nueva Imagen 1979
الطبعة:3a. ed
سلاسل:Educación
الموضوعات:
الوسوم: إضافة وسم
لا توجد وسوم, كن أول من يضع وسما على هذه التسجيلة!

MARC

LEADER 00000nam a2200000 a 4500
001 UCU1149
003 CL-VaPUC
008 960329e19790000MX |||||||||||||||||spa|d
082 0 4 |a 379.2  |b ILL  |2 21 
100 |a Illich, Iván  |e author  |9 355107 
700 0 |a Gintis, Herbert  |e author  |9 356757 
700 0 |a Greer, Colin  |e author  |9 356758 
700 0 |a Postman, Neil  |e author  |9 356759 
700 0 |a Gross, Ronald  |e author  |9 356760 
700 0 |a Fairfield, Roy P  |e author  |9 356761 
700 0 |a Rosen, Sumner M  |e author  |9 356762 
700 0 |a Jerome, Judson  |e author  |9 356763 
700 0 |a Greene, Maxime  |e author  |9 356764 
700 0 |a Pearl, Arthur  |e author  |9 356765 
245 1 3 |a Un mundo sin escuelas 
250 |a 3a. ed 
300 |a 203 p 
942 |c BK 
945 |d 19960329 00:00:00  |a paguirre 
260 |a Ciudad de México  |b Nueva Imagen  |c 1979 
600 0 |a Illich, Iván  |e author  |9 355107 
650 0 |a Sistemas educacionales  |9 324695 
650 0 |a Sociología de la educación   |9 260380 
650 0 |a Política educacional  |9 308011 
650 0 |a Escuelas  |9 308582 
583 |a last modification  |c 20150714 03:16:49  |k Rodrigo Vera 
490 0 |a Educación 
999 |c 245877  |d 245875 
952 |0 0  |1 0  |4 0  |6 379_200000000000000_ILL_1979  |7 0  |8 P  |9 260496  |a BIBEDU  |b BIBEDU  |c BIBEDU_PB  |d 2019-11-19  |i 201145K  |o 379.2 ILL 1979  |p 201145K  |r 2024-01-25  |w 2019-11-19  |y BK  |k EDU 
952 |0 0  |1 0  |4 0  |6 379_200000000000000_ILL_1979  |7 0  |8 P  |9 260497  |a BIBEDU  |b BIBEDU  |c BIBEDU_PB  |d 2019-11-19  |i 4677447  |o 379.2 ILL 1979  |p 4677447  |r 2019-11-19  |w 2019-11-19  |y BK  |k EPE